000 00880nam a22002897a 4500
001 7130
003 FISKH
005 20250626085040.0
008 250625b cb ||||| |||| 00| 0 eng d
020 _a9788772478180
040 _aFISKH
_beng
_cFSKH
_dFISKH
050 _aPZ7
082 _a398.209492
100 _aAndersen, Hans Christian
245 _aThe teapot /
_cBy Hans Christian Andersen
260 _aCopenhagen :
_bScandivia Publishing House ,
_c2005.
300 _a24 pages :
_bcolor illustrations ;
_c29 cm .
490 _aFairy tales
505 _aJ
520 _aA once proud teapot looks back on its life with memories of it true usefulness.
521 8 _a500
_bLexile estimate
521 8 _aJ
_bRaz-Plus
700 _aMazali, Gustavo
_eIllustrator
700 _aHersholt, Jean
_eTranslator
942 _2ddc
_cBK
_n0
999 _c7130
_d7130